| 000 | 00799nas a2200253 i 4500 | ||
|---|---|---|---|
| 001 | 1385 | ||
| 003 | ES-MaACL | ||
| 005 | 20250801143744.0 | ||
| 007 | t| | ||
| 008 | 950801d19461990ru m| | 1 ||pa d | ||
| 022 | _a0202-1897 | ||
| 080 | _a82 (47+57) | ||
| 245 | 0 | 0 |
_aLiteratura soviética / _córgano de la Unión de Escritores de la U.R.S.S. |
| 260 |
_aMoscú : _bUnión de Escritores de la URSS, _c1946-1990. |
||
| 300 |
_a10 v. ; _c22 cm. |
||
| 310 | _aMensual | ||
| 362 | 0 | _aN. 1 (1947)--N. 12 (1990) | |
| 500 | _aDescripción basada en : n. 4 (1986) | ||
| 650 | 7 |
_aLiteratura soviética _2embne _9149369 |
|
| 710 | 0 | 0 |
_aUnión de Escritores de la URSS ( _cMoscú) _97010 |
| 852 |
_aES-MaACL _jHem-A-13 _xHem-1675 |
||
| 866 | 0 | _o(1986f.n.1-3y5)1987-89(1990) | |
| 999 |
_c1385 _d1385 |
||